000 00401nam a2200181Ia 4500
005 20240823040538.0
008 240823s9999||||xx |||||||||||||| ||und||
041 _aENGLISH
082 _A658.8 N2
100 _aHalbe V B
245 0 _aMarketting
250 _a1st
260 _c1992
_b"IBH,Bombay"
500 _aYES
650 _aMarketing
_bManagement Studies
942 _cBK
999 _c203365
_d203365